| 000 | 00416nam a2200145Ia 4500 | ||
|---|---|---|---|
| 008 | 230917s9999||||xx |||||||||||||| ||und|| | ||
| 040 |
_e112759 _aMAIN |
||
| 041 | _aEnglish | ||
| 082 | _a620.106 K 641 F | ||
| 100 | _aKiselev, Sergey P. | ||
| 245 | 0 | _aFoundations of fluid mechanics with applications: problem solving using mathamatics | |
| 260 |
_aMumbai _bJaico _c2004 |
||
| 300 | _aXIV p. ; 575p. | ||
| 942 | _cBK | ||
| 999 |
_c140887 _d140887 |
||